000 01200nam a2200325 i 4500
001 70962
003 Mx-PuUPA
005 20240424135118.0
008 240424s2018 uk a|||fr|||| 00| 0 eng d
020 _a9781788837361
040 _aMx-PuUPA
_bspa
_cMx-PuUPA
_dMx-PuUPA
_erda
041 0 _aeng
100 1 _aGrant, Will,
_915615
_eautor
245 1 0 _a101 UX principles :
_ba definitive design guide /
_cWill Grant
246 3 _aone hundred one principles :
_ba definitive design guide.
250 _aFirst published /
_bdecember
264 1 _aBirmingham, UK :
_bPackt Publishing,
_c©2018
300 _axii, 394 páginas :
_bilustraciones ;
_c23 cm
336 _2rdacontent
_atexto
_btxt
336 _2rdaconten
_aimagen fija
_bsti
337 _2rdamedia
_asin medio
_bn
338 _2rdacarrier
_avolumen
_bnc
650 7 _2armarc
_aInterfaces de usuario (Computadoras)
650 7 _2armarc
_aInteracción hombre
_xComputadora
650 7 _2armac
_aInterfaces gráficas de usuario (Computadoras)
942 _2ddc
_cLI
_h004.6
_iG726
999 _c70962
_d70962